AAAWWUBBIS (aka common Subordinating Conjunctions) - Statistics

General Stats
  • This quiz has been taken 796 times
  • The average score is 4 of 17
Answer Stats
Hint Answer % Correct
U Until
44%
A Although
33%
B Because
33%
B Before
33%
a sentence with a dependent and an independent clause complex
33%
a clause that stands as a complete sentence independent
33%
W When
33%
W While
33%
A After
22%
A As
22%
a clump of words with a subject and a predicate clause
22%
a clause that does NOT stand as a sentence dependent
22%
what "the who" does predicate
22%
a sentence with one clause simple
22%
the "who" of a sentence subject
22%
I If
11%
S Since
0%
No matching quizzes found
Score Distribution
Percent of People with Each Score
Percentile by Number Answered
Your Score History
You have not taken this quiz